|
|
|
|
| LEADER |
00000nab a2200000 a 4500 |
| 001 |
vtls000569985 |
| 003 |
SK-MaSNL |
| 005 |
20260318124918.0 |
| 008 |
150501c1995 xo 0 hun |
| 015 |
|
|
|a SNBRB19rr/mm-uuuuu
|
| 035 |
|
|
|a CL0570123
|
| 040 |
|
|
|a SNKBUCL
|b slo
|c SNKBUCL
|e AACR2
|
| 041 |
0 |
|
|a hun
|
| 044 |
|
|
|a xo
|c SK
|
| 080 |
|
|
|a 328.1(437.6)
|2 1981
|
| 100 |
1 |
|
|a (horváth)
|4 aut
|
| 245 |
1 |
0 |
|a Bauer Editről folyt a parlamenti vita
|c (horváth)
|
| 610 |
1 |
7 |
|a Slovensko.
|b Národná rada
|2 snkbucl
|9 165573
|
| 655 |
|
7 |
|a články z novín a časopisov
|2 snkbucl
|9 267496
|
| 773 |
0 |
|
|t Új szó
|g Roč. 48, č. 291 (16. 12. 1995), s. 1-2
|
| 850 |
|
|
|a Slovenská národná knižnica v Martine
|a DSG001
|
| 852 |
|
|
|a SNK
|b KIS3GCP
|
| 958 |
|
|
|a RK
|
| 958 |
|
|
|a SK
|
| 992 |
|
|
|a RBX
|
| 999 |
|
|
|c 2594530
|d 2596460
|